[Event "IBCA Wch blind 14th"]
[Site "Cagliari"]
[Date "2019.04.08"]
[Round "3"]
[White "Armstrong, William G"]
[Black "Schulz, Gert"]
[Result "0-1"]
[WhiteElo "1800"]
[BlackElo "1995"]
[PlyCount "70"]
[EventDate "2019.04.06"]
[EventType "swiss"]
[EventRounds "9"]
[EventCountry "ITA"]
[SourceTitle "CBM 189 Extra"]
[Source "ChessBase"]
[SourceDate "2019.06.03"]
[SourceVersion "1"]
[SourceVersionDate "2019.06.03"]
[SourceQuality "1"]

1. d4 Nf6 2. Bf4 c5 3. e3 g6 4. c3 cxd4 5. exd4 Bg7 6. Nd2 0-0 7. Ngf3 d6 8. Be2 Nc6 9. 0-0 b6 10. Re1 Bb7 11. Rc1 Nh5 12. Be3 h6 13. d5 Ne5 14. Nxe5 dxe5 15. Bxh5 gxh5 16. c4 f5 17. f4 e4 18. Qxh5 Qe8 19. Qxe8 Rfxe8 20. b3 Rac8 21. Nb1 Red8 22. a4 Rd7 23. a5 bxa5 24. Rcd1 a4 25. Bxa7 axb3 26. Na3 Ba6 27. Bd4 Bxc4 28. Bxg7 Kxg7 29. Re3 Bd3 30. Nb1 Rxd5 31. Kf2 Rc2+ 32. Nd2 b2 33. Ke1 Rxd2 34. Kxd2 b1Q 35. Rxb1 Bxb1+ 0-1

[Event "IBCA EU-chT blind 01st"]
[Site "Warsaw"]
[Date "2016.08.01"]
[Round "9.2"]
[White "Armstrong, William G"]
[Black "Meshkov, Yuri A"]
[Result "0-1"]
[WhiteElo "1839"]
[BlackElo "2350"]
[PlyCount "62"]
[EventDate "2016.07.24"]
[EventType "team-swiss"]
[EventRounds "9"]
[EventCountry "POL"]
[SourceTitle "CBM 173 Extra"]
[Source "ChessBase"]
[SourceDate "2016.08.29"]
[SourceVersion "1"]
[SourceVersionDate "2016.08.29"]
[SourceQuality "1"]
[WhiteTeam "Great Britain"]
[BlackTeam "Russia"]
[WhiteTeamCountry "GBR"]
[BlackTeamCountry "RUS"]

1. Nf3 c5 2. c4 g6 3. d4 Bg7 4. e4 Nc6 5. d5 Nd4 6. Nc3 d6 7. Bd3 Bg4 8. h3 Bxf3 9. gxf3 e6 10. Qa4+ Kf8 11. f4 a6 12. Qd1 Ne7 13. Be3 exd5 14. exd5 Nef5 15. Bxf5 Nxf5 16. Qd3 Qa5 17. Kf1 b5 18. Bd2 bxc4 19. Qxc4 Rb8 20. Ne4 Qb5 21. Qxb5 Rxb5 22. Bc3 Bxc3 23. bxc3 Rb2 24. Kg2 Kg7 25. Kf3 Rhb8 26. Rhd1 a5 27. a4 R8b3 28. Kg4 Rc2 29. Rab1 Rcxc3 30. Nxc3 Rxc3 31. Rb5 h5+ 0-1

[Event "IBCA EU-chT blind 01st"]
[Site "Warsaw"]
[Date "2016.07.25"]
[Round "2.2"]
[White "Todorov, Aleksandar"]
[Black "Armstrong, William G"]
[Result "1-0"]
[WhiteElo "1951"]
[BlackElo "1839"]
[PlyCount "127"]
[EventDate "2016.07.24"]
[EventType "team-swiss"]
[EventRounds "9"]
[EventCountry "POL"]
[SourceTitle "CBM 173 Extra"]
[Source "ChessBase"]
[SourceDate "2016.08.29"]
[SourceVersion "1"]
[SourceVersionDate "2016.08.29"]
[SourceQuality "1"]
[WhiteTeam "Bulgaria"]
[BlackTeam "Great Britain"]
[WhiteTeamCountry "BUL"]
[BlackTeamCountry "GBR"]

1. e4 c5 2. c3 g6 3. d4 cxd4 4. cxd4 d5 5. e5 Bg7 6. Nf3 Bg4 7. Nc3 Bxf3 8. Qxf3 e6 9. Be3 Ne7 10. Bd3 0-0 11. 0-0 f6 12. exf6 Bxf6 13. Qg4 Qd7 14. Rfe1 Nf5 15. Bxf5 exf5 16. Qf3 Rd8 17. Rad1 Nc6 18. g3 Qf7 19. h4 Ne7 20. Bf4 a6 21. Be5 Bg7 22. Bxg7 Kxg7 23. Re5 Rd7 24. Ne2 Nc6 25. Re3 Re8 26. Nf4 Re4 27. Rxe4 dxe4 28. Qc3 Qf6 29. Qc4 Kh8 30. d5 Nd8 31. Qc8 Qd6 32. Ne6 Kg8 33. Nxd8 Rxd8 34. Qxb7 e3 35. Qb3 exf2+ 36. Kxf2 f4 37. Kg2 Rb8 38. Qc3 fxg3 39. b3 Rf8 40. Qxg3 Qxg3+ 41. Kxg3 Kf7 42. Rd4 Rd8 43. Kf4 Kf6 44. Ra4 Rd6 45. Ke4 h6 46. Rc4 g5 47. hxg5+ hxg5 48. Rc1 Ke7 49. Ke5 Rh6 50. Rc7+ Kd8 51. Rc4 g4 52. Kf5 Rd6 53. Rxg4 Rxd5+ 54. Ke6 Rh5 55. Kd6 Rh6+ 56. Kc5 Kc7 57. Rg7+ Kb8 58. Rd7 Kc8 59. Rd6 Rh5+ 60. Kb6 a5 61. Rc6+ Kb8 62. Rc5 Rh6+ 63. Kxa5 Rh2 64. a4 1-0

[Event "BCF-chT3Nb 1516 (4NCL)"]
[Site "England"]
[Date "2016.01.16"]
[Round "3.118"]
[White "Armstrong, William G"]
[Black "Gardiner, Eric D"]
[Result "0-1"]
[WhiteElo "1817"]
[BlackElo "1942"]
[PlyCount "98"]
[EventDate "2015.11.14"]
[EventType "team-swiss"]
[EventRounds "7"]
[EventCountry "ENG"]
[SourceTitle "CBM 170 Extra"]
[Source "ChessBase"]
[SourceDate "2016.02.25"]
[SourceVersion "1"]
[SourceVersionDate "2016.02.25"]
[SourceQuality "1"]
[WhiteTeam "Cheddleton III"]
[BlackTeam "Bradford DCA Knights II"]
[WhiteTeamCountry "ENG"]
[BlackTeamCountry "ENG"]

1. e4 e6 2. d3 d5 3. Nd2 c5 4. g3 Nc6 5. Bg2 g6 6. Ngf3 Bg7 7. 0-0 Nge7 8. Re1 b6 9. c3 Bb7 10. Rb1 Qd7 11. exd5 exd5 12. Ng5 0-0 13. f4 d4 14. Bh3 Qc7 15. Nde4 dxc3 16. bxc3 Nd5 17. Bb2 Rfe8 18. f5 Ne5 19. c4 Nb4 20. fxg6 hxg6 21. Bxe5 Qxe5 22. Nf3 Qc7 23. a3 Nc6 24. Bg2 Rad8 25. Qb3 Kf8 26. Rbd1 Nd4 27. Nxd4 Bxd4+ 28. Kh1 Qe5 29. Rf1 f5 30. Qc2 Kg7 31. Ng5 Bxg2+ 32. Qxg2 Qe2 33. Nf3 Qxg2+ 34. Kxg2 Re2+ 35. Kh3 Rh8+ 36. Nh4 g5 37. Rxf5 gxh4 38. gxh4 Re3+ 39. Kg4 Rf8 40. Rg5+ Kh7 41. Rh5+ Kg8 42. Rg5+ Bg7 43. h5 Kh7 44. a4 Bh6 45. Rf5 Rg8+ 46. Kh4 Re2 47. h3 Bf8 48. Rf7+ Kh8 49. h6 Be7+ 0-1

[Event "BCF-chT3 1415 (4NCL)"]
[Site "England"]
[Date "2015.05.04"]
[Round "11.19"]
[White "Armstrong, William G"]
[Black "Karia, Kamlesh"]
[Result "1-0"]
[WhiteElo "1857"]
[BlackElo "1723"]
[PlyCount "85"]
[EventDate "2015.03.21"]
[EventType "team-swiss"]
[EventRounds "11"]
[EventCountry "ENG"]
[SourceTitle "EXT 2016"]
[Source "ChessBase"]
[SourceDate "2015.10.08"]
[SourceVersion "1"]
[SourceVersionDate "2015.10.08"]
[SourceQuality "1"]
[WhiteTeam "Cheddleton III"]
[BlackTeam "Barnet Knights II"]
[WhiteTeamCountry "ENG"]
[BlackTeamCountry "ENG"]

1. d4 d5 2. Nf3 Nf6 3. e3 Bf5 4. Bd3 Bxd3 5. cxd3 e6 6. 0-0 c5 7. Nc3 cxd4 8. Qa4+ Nbd7 9. exd4 Be7 10. Ne5 0-0 11. Bg5 Nxe5 12. dxe5 Nd7 13. Bxe7 Qxe7 14. d4 a6 15. Qb3 b5 16. f4 f5 17. Rac1 Nb6 18. Nd1 Nc4 19. Qd3 Rac8 20. Rc2 Rc7 21. b3 Na3 22. Rxc7 Qxc7 23. Ne3 Rc8 24. Nxf5 Qd7 25. Nd6 Rf8 26. Qc3 Qa7 27. Qc5 Qxc5 28. dxc5 b4 29. c6 Nb5 30. Nxb5 axb5 31. Rc1 Rc8 32. Kf2 Rc7 33. Ke3 Kf7 34. Kd4 Kg6 35. Kc5 Kf5 36. Kd6 Ra7 37. c7 Ra6+ 38. Rc6 Rxc6+ 39. Kxc6 Kxf4 40. c8Q Kxe5 41. Qb8+ Ke4 42. Qxb5 d4 43. Qe2+ 1-0

[Event "BCF-chT3 1415 (4NCL)"]
[Site "England"]
[Date "2015.05.03"]
[Round "10.40"]
[White "Armstrong, William G"]
[Black "Froom, Oliver"]
[Result "1/2-1/2"]
[WhiteElo "1857"]
[BlackElo "1998"]
[PlyCount "25"]
[EventDate "2015.03.21"]
[EventType "team-swiss"]
[EventRounds "11"]
[EventCountry "ENG"]
[SourceTitle "EXT 2016"]
[Source "ChessBase"]
[SourceDate "2015.10.08"]
[SourceVersion "1"]
[SourceVersionDate "2015.10.08"]
[SourceQuality "1"]
[WhiteTeam "Cheddleton III"]
[BlackTeam "The Pitstop"]
[WhiteTeamCountry "ENG"]
[BlackTeamCountry "ENG"]

1. d4 Nf6 2. Nf3 d5 3. e3 Bf5 4. Bd3 Bg6 5. b3 e6 6. Bb2 Bd6 7. 0-0 Nbd7 8. Ne5 0-0 9. f4 Ne4 10. Nxg6 hxg6 11. Bxe4 dxe4 12. c4 f5 13. Nc3 1/2-1/2

[Event "BCF-chT3N 1415 (4NCL)"]
[Site "England"]
[Date "2015.01.10"]
[Round "3.87"]
[White "Collins, Richard Arnold"]
[Black "Armstrong, William G"]
[Result "0-1"]
[WhiteElo "1810"]
[BlackElo "1857"]
[PlyCount "106"]
[EventDate "2014.11.15"]
[EventType "team-swiss"]
[EventRounds "6"]
[EventCountry "ENG"]
[SourceTitle "EXT 2016"]
[Source "ChessBase"]
[SourceDate "2015.10.08"]
[SourceVersion "1"]
[SourceVersionDate "2015.10.08"]
[SourceQuality "1"]
[WhiteTeam "Manchester Manticores III"]
[BlackTeam "Cheddleton III"]
[WhiteTeamCountry "ENG"]
[BlackTeamCountry "ENG"]

1. d4 Nf6 2. c4 g6 3. Nc3 Bg7 4. e4 d6 5. f4 e5 6. fxe5 dxe5 7. d5 0-0 8. Nf3 Re8 9. Be2 Bg4 10. 0-0 Nbd7 11. Be3 Bf8 12. Kh1 a6 13. Qc2 Rc8 14. h3 Bxf3 15. Rxf3 Nh5 16. g4 Ng7 17. Raf1 f6 18. Bd3 Be7 19. Qf2 Rf8 20. c5 Ne8 21. b4 Kh8 22. Qb2 Rf7 23. Bc4 Rg7 24. Bh6 Bf8 25. Bxg7+ Bxg7 26. c6 bxc6 27. Bxa6 Rb8 28. dxc6 Nc5 29. Rd1 Qe7 30. Qe2 Ne6 31. Nd5 Qf8 32. Rc3 Nd4 33. Qf2 Nd6 34. Bd3 Qf7 35. Rf1 f5 36. gxf5 gxf5 37. Rc5 f4 38. Qh4 Ra8 39. Nc3 Bf6 40. Qf2 Qh5 41. Be2 Nxe2 42. Qxe2 Qxh3+ 43. Qh2 Qxf1+ 44. Qg1 Qh3+ 45. Qh2 Qxh2+ 46. Kxh2 Rg8 47. Nd5 Bd8 48. a4 Nxe4 49. Rc2 f3 50. Ne3 Bg5 51. Nf1 Bf4+ 52. Kh3 Rg6 53. b5 Nf6 0-1

[Event "IBCA Wch blind 13th"]
[Site "Katerini"]
[Date "2014.05.13"]
[Round "8"]
[White "Engl, Heinz"]
[Black "Armstrong, William G"]
[Result "1-0"]
[WhiteElo "2053"]
[BlackElo "1866"]
[PlyCount "53"]
[EventDate "2014.05.05"]
[EventType "swiss"]
[EventRounds "9"]
[EventCountry "GRE"]
[SourceTitle "CBM 160 Extra"]
[Source "ChessBase"]
[SourceDate "2014.07.01"]
[SourceVersion "1"]
[SourceVersionDate "2014.07.01"]
[SourceQuality "1"]

1. e4 c5 2. b3 d6 3. Bb2 Nf6 4. Bb5+ Bd7 5. Bxd7+ Nbxd7 6. d3 g6 7. f4 Bg7 8. Nf3 0-0 9. 0-0 b5 10. Nbd2 Rc8 11. Qe2 Qc7 12. Rae1 e6 13. Kh1 Ne8 14. Bxg7 Nxg7 15. Qf2 Rfe8 16. Qh4 Qd8 17. Ng5 Nf8 18. Rf3 f6 19. Nh3 d5 20. Nf1 c4 21. Ne3 cxd3 22. cxd3 dxe4 23. dxe4 Rc5 24. Rd1 Qe7 25. Ng4 Nh5 26. Rfd3 Qf7 27. Nh6+ 1-0

[Event "BCF-chT3N 1314 (4NCL)"]
[Site "England"]
[Date "2014.01.11"]
[Round "3.98"]
[White "Armstrong, William G"]
[Black "Nicholson, Jim WR"]
[Result "1/2-1/2"]
[WhiteElo "1868"]
[BlackElo "2030"]
[PlyCount "72"]
[EventDate "2013.11.16"]
[EventType "team-swiss"]
[EventRounds "6"]
[EventCountry "ENG"]
[SourceTitle "EXT 2015"]
[Source "ChessBase"]
[SourceDate "2014.11.20"]
[SourceVersion "1"]
[SourceVersionDate "2014.11.20"]
[SourceQuality "1"]
[WhiteTeam "Cheddleton III"]
[BlackTeam "Bradford DCA Knights II"]
[WhiteTeamCountry "ENG"]
[BlackTeamCountry "ENG"]

1. e4 c5 2. Nf3 d6 3. d4 cxd4 4. Nxd4 Nf6 5. Nc3 a6 6. f3 e5 7. Nb3 Be6 8. Be3 Be7 9. Qd2 0-0 10. 0-0-0 a5 11. Bb5 Na6 12. Nd5 Bxd5 13. exd5 Nb4 14. a4 Nfxd5 15. Kb1 Nxe3 16. Qxe3 Bg5 17. Qf2 Qc7 18. c3 Nc6 19. g3 Na7 20. Qe2 Rfc8 21. Rd5 Nxb5 22. Rxb5 Ra6 23. f4 Bf6 24. Re1 h6 25. Nd2 Rb6 26. Rxb6 Qxb6 27. Nc4 Qc5 28. Nxd6 Qxd6 29. fxe5 Bxe5 30. Qxe5 Qd3+ 31. Kc1 Rd8 32. Qe2 Qd5 33. Rd1 Qg5+ 34. Kb1 Qf5+ 35. Kc1 Qg5+ 36. Kb1 Qf5+ 1/2-1/2

[Event "BCF-chT3N 1314 (4NCL)"]
[Site "England"]
[Date "2013.11.17"]
[Round "2.108"]
[White "Armstrong, William G"]
[Black "Norris, Michael J"]
[Result "0-1"]
[WhiteElo "1879"]
[BlackElo "1935"]
[PlyCount "70"]
[EventDate "2013.11.16"]
[EventType "team-swiss"]
[EventRounds "6"]
[EventCountry "ENG"]
[SourceTitle "CBM 157 Extra"]
[Source "ChessBase"]
[SourceDate "2013.12.19"]
[SourceVersion "1"]
[SourceVersionDate "2013.12.19"]
[SourceQuality "1"]
[WhiteTeam "Cheddleton III"]
[BlackTeam "Manchester Manticores II"]
[WhiteTeamCountry "ENG"]
[BlackTeamCountry "ENG"]

1. e4 e5 2. Nf3 Nf6 3. d4 Nxe4 4. dxe5 Bc5 5. Be3 Bxe3 6. fxe3 d5 7. Bd3 0-0 8. 0-0 Bg4 9. Nbd2 Nxd2 10. Qxd2 Nd7 11. Qf2 Qe7 12. Rae1 Nxe5 13. Nxe5 Qxe5 14. Qh4 h5 15. Rf4 g6 16. h3 Be6 17. g4 Kg7 18. Qg3 Kh6 19. Qf2 Kg7 20. Rf1 hxg4 21. hxg4 f6 22. Qe2 Rf7 23. R1f2 Rh8 24. Rg2 Rh3 25. Rf3 Rxf3 26. Qxf3 Rf8 27. c3 Rh8 28. e4 dxe4 29. Bxe4 c6 30. Re2 Qc5+ 31. Kg2 Rh4 32. Bf5 Bd5 33. Be4 Bc4 34. Rf2 Qg5 35. Kg3 Be6 0-1

[Event "BCF-ch Major op"]
[Site "Torquay"]
[Date "2013.07.31"]
[Round "3.73"]
[White "Armstrong, William G"]
[Black "Mahoney, Nicholas"]
[Result "1-0"]
[WhiteElo "1919"]
[BlackElo "1801"]
[PlyCount "59"]
[EventDate "2013.07.29"]
[EventType "swiss"]
[EventRounds "11"]
[EventCountry "ENG"]
[SourceTitle "EXT 2023"]
[Source "ChessBase"]
[SourceDate "2022.10.05"]
[SourceVersion "1"]
[SourceVersionDate "2022.10.05"]
[SourceQuality "1"]

1. e4 c5 2. Nf3 d6 3. d4 cxd4 4. Nxd4 Nf6 5. Nc3 a6 6. Bg5 e6 7. f4 Nc6 8. Qd2 h6 9. Bxf6 Qxf6 10. Nf3 Be7 11. Bd3 0-0 12. 0-0-0 Nb4 13. Bc4 b5 14. Bb3 Rd8 15. a3 Nc6 16. Ne2 Na7 17. Qe3 Bb7 18. Rhf1 d5 19. e5 Qg6 20. Ng3 Nc6 21. Qb6 Rab8 22. f5 Qg4 23. fxe6 fxe6 24. Nd4 Nxd4 25. Rxd4 Qg6 26. Rf3 b4 27. axb4 Qg5+ 28. Kb1 Qxe5 29. Re3 Bc8 30. Qxd8+ 1-0

[Event "BCF-ch Major op"]
[Site "Torquay"]
[Date "2013.07.30"]
[Round "2.69"]
[White "Foster, Chantelle"]
[Black "Armstrong, William G"]
[Result "1-0"]
[WhiteElo "1866"]
[BlackElo "1919"]
[PlyCount "51"]
[EventDate "2013.07.29"]
[EventType "swiss"]
[EventRounds "11"]
[EventCountry "ENG"]
[SourceTitle "EXT 2023"]
[Source "ChessBase"]
[SourceDate "2022.10.05"]
[SourceVersion "1"]
[SourceVersionDate "2022.10.05"]
[SourceQuality "1"]

1. e4 c5 2. Nf3 d6 3. d4 cxd4 4. Nxd4 Nf6 5. Nc3 a6 6. Be3 g6 7. f3 Bg7 8. Qd2 Nc6 9. 0-0-0 h5 10. Nxc6 bxc6 11. e5 Nd7 12. exd6 e6 13. Bc4 Qa5 14. Bd4 Bxd4 15. Qxd4 Qe5 16. Qd2 0-0 17. Rde1 Qg7 18. h4 Nb6 19. Bb3 Bd7 20. g4 Qh7 21. Reg1 Nd5 22. Ne4 f5 23. gxh5 Qxh5 24. Rg5 Qh6 25. h5 Be8 26. Rxg6+ 1-0